000 00624nam a2200241Ia 4500
003 OSt
005 20220918182306.0
006 a|||||r|||| 00| 0
007 ta
008 220917b |||||||| |||| 00| 0 eng d
024 _a31,762
037 _cTextual
040 _aARTS
_cARTS
_beng
041 _2eng
_aeng
082 _aO-,1H40:g, M5
100 _aFerster Judith
_959980
245 0 _aChaucer on interpretation
260 _aCambridge
_bCUP
_c1985
300 _ax,194p.
_ccm.
650 _aENGLISH LITERATURE
942 _hO-,1H40:g, M5
_cTEXL
_2CC
999 _c168454
_d168454